Press, politics and thepublic: an essay on the role of the national press in the British political system (Record no. 429156)

000 -LEADER
fixed length control field 00538cam a22001457a 4500
008 - FIXED-LENGTH DATA ELEMENTS--GENERAL INFORMATION
fixed length control field 180718b1968 xxu||||| |||| 00| 0 eng d
082 ## - DEWEY DECIMAL CLASSIFICATION NUMBER
Classification number I548x42 Se96
100 ## - MAIN ENTRY--PERSONAL NAME
Personal name Seymour-Ure, Colin
245 ## - TITLE STATEMENT
Title Press, politics and thepublic: an essay on the role of the national press in the British political system
Statement of responsibility, etc. by Colin Seymour-Ure
260 ## - PUBLICATION, DISTRIBUTION, ETC.
Place of publication, distribution, etc. London
Name of publisher, distributor, etc. Methuen
Date of publication, distribution, etc. 1968
300 ## - PHYSICAL DESCRIPTION
Extent 328p
650 ## - SUBJECT ADDED ENTRY--TOPICAL TERM
Topical term or geographic name entry element Public interest --Great Britain
650 ## - SUBJECT ADDED ENTRY--TOPICAL TERM
Topical term or geographic name entry element Journalism --Political aspects --Great Britain
650 ## - SUBJECT ADDED ENTRY--TOPICAL TERM
Topical term or geographic name entry element Press and politics --Great Britain
Holdings
Withdrawn status Lost status Damaged status Not for loan Permanent Location Current Location Date acquired Full call number Barcode Date last seen Price effective from Koha item type
        Indian Institute of Public Administration Indian Institute of Public Administration 2009-12-21 I548x42 Se96 43237 2018-07-21 2018-07-21 Book

Powered by Koha